TOP 10 Countries in: Literacy - Statistics

General Stats
  • This quiz has been taken 183 times
  • The average score is 5 of 10
Answer Stats
Literacy Ratio Answer % Correct
100.0 Finland
87%
99.92 Norway
87%
99.99 Greenland
80%
99.94 Luxembourg
60%
100.0 Andorra
52%
99.96 Liechtenstein
46%
99.86 Estonia
38%
99.83 Latvia
36%
99.98 North Korea
24%
99.89 Cuba
18%
No matching quizzes found
Score Distribution
Percent of People with Each Score
Percentile by Number Answered
Your Score History
You have not taken this quiz